Forest ecology : A foundation for sustainable management
| Main Author: | |
|---|---|
| Format: | Book |
| Published: |
London :
Prentice Hall, Ins ,
1997
|
| Series: | Ecological studies; 6
|
| Subjects: |
MARC
| LEADER | 00000cam a2200000 7i4500 | ||
|---|---|---|---|
| 001 | 0000004115 | ||
| 005 | 20180323.0 | ||
| 020 | 0 | 0 | |a 0023640715 |
| 090 | 0 | 0 | |a 574.5264 |b JPK1997 |
| 100 | 1 | 0 | |a Kimmins, J.P |
| 245 | 1 | 0 | |a Forest ecology : |b A foundation for sustainable management |c J.P.Kimmins |
| 260 | 0 | 0 | |a London : |b Prentice Hall, Ins , |c 1997 |
| 300 | |a xi,596 p. : |b ill. ; |c 26 cm. | ||
| 440 | 0 | 0 | |a Ecological studies; 6 |
| 500 | 0 | 0 | |a Includes bibliography and references |
| 650 | 0 | 0 | |a Forest ecology |
| 998 | |a JPSM | ||
| 999 | |a 007982 |b Monograph |c Open Shelf |e Default branch | ||